| 000 | 00628cam a2200217 4500500 | ||
|---|---|---|---|
| 005 | 20260405002156.0 | ||
| 041 | _afre | ||
| 042 | _adc | ||
| 100 | 1 | 0 |
_aLegros, Martin _eauthor |
| 245 | 0 | 0 | _aMichel Onfray. Meilleur ennemi de l’islam? |
| 260 | _c2016. | ||
| 500 | _a22 | ||
| 690 | _aIslam | ||
| 690 | _aLaïcité | ||
| 690 | _aMichel Onfray | ||
| 690 | _aphilosophie | ||
| 690 | _aPolitique | ||
| 690 | _aReligion | ||
| 786 | 0 | _nPhilosophie magazine | 98 | 4 | 2016-04-01 | p. 19-24 | 1951-1787 | |
| 856 | 4 | 1 | _uhttps://shs.cairn.info/magazine-philosophie-magazine-2016-4-page-19?lang=fr&redirect-ssocas=7080 |
| 999 |
_c2055057 _d2055057 |
||